000 00349nam a2200145 i 4500
001 bg
100 1 _aBORKOWSKI, Tadeusz
245 0 _aJak wychowywać w zakładzie pracy /
_cTadeusz Borkowski.
260 _aWarszawa,
_c1979.
040 _cBPK
041 _apol
080 _a331:37.03
942 _cKS
008 s pl f |000 0 pol
999 _c19058
_d19058
856 _uhttp://koha.tu.koszalin.pl/cgi-bin/koha/opac-detail.pl?biblionumber=19058
_yKatalog online BPK